Haikyuu!! Guess Proffesional Players by Image - Statistics

General Stats
  • This quiz has been taken 15 times
  • The average score is 7 of 16
Answer Stats
Picture Hint Answer % Correct
Tachibana Red Falcons wing spiker and outside hitter. Aran Ojiro
100%
MSBY Black Jackals setter. Atsumu Miya
100%
VC Kanagawa middle blocker. Eikichi Chigaya
100%
Sendai Frogs middle blocker. Kei Tsukishima
100%
MSBY Black Jackals wing spiker and outside hitter. Kiyoomi Sakusa
100%
Schweiden Adlers wing spiker and outside hitter. Kōrai Hoshiumi
100%
Hikari Pharmaceutical Red Rabbits captain, wing spiker and opposite hitter. Shōko Hirugami
100%
Ex-Schweiden Adlers and actual Ali Roma setter. Tobio Kageyama
100%
CA San Juan setter. Tōru Oikawa
100%
Azuma Pharmacy Green Rockets wing spiker and outside hitter. Tsutomu Goshiki
100%
Ex-Schweiden Adlers and actual Orzeł Warszawa wing spiker and opposite hitter. Wakatoshi Ushijima
100%
MSBY Black Jackals wing spiker and outside hitter. Kōtarō Bokuto
88%
EJP Raijin middle blocker. Rintarō Suna
80%
Ex-MSBY Black Jackals and actual Asas Sao Paulo wing spiker and opposite hitter. Shōyō Hinata
80%
Schweiden Adlers captain and middle blocker. Fukurō Hirugami
75%
Hiashi Automotive Lions libero. Hayato Yamagata
75%
Sendai Frogs setter. Kanji Koganegawa
75%
MSBY Black Jackals middle blocker. Adriah Tomas
67%
Hikari Pharmaceutical Red Rabbits wing spiker, outside hitter and ace. Kanoka Amanai
67%
MSBY Black Jackals libero. Shion Inunaki
67%
EJP Raijin libero. Motoya Komori
63%
Ex-Argentina Men's National Volleyball Team setter. Jose Blanco
60%
Tigr Ekaterinburg libero. Morisuke Yaku
60%
Schweiden Adlers wing spiker and outside hitter. Nicollas Romero
50%
MSBY Black Jackals captain and middle blocker. Shūgo Meian
50%
DESEO Hornets setter. Tsukasa Iizuna
40%
VC Kanagawa wing spiker and outside hitter. Heisuke Riseki
33%
Sendai Frogs wing spiker and opposite hitter. Kentarō Kyōtani
33%
MSBY Black Jackals wing spiker and opposite hitter. Oriver Barnes
33%
Azuma Pharmacy Green Rockets wing spiker and outside hitter. Wakatsu Kiryū
33%
Tōkai Heavy Industries Esperanza libero. Yūki Shibayama
33%
EJP Raijin middle blocker, Tatsuki Washio
29%
Tachibana Red Falcons middle blocker. Gao Hakuba
25%
Tamaden Elephants middle blocker. Yūtarō Kindaichi
25%
Yotsuya Motor Spirits wing spiker and outside hitter. Suguru Daishō
20%
VC Hiroshima middle blocker. Tomohiro Nitta
20%
Tamaden Elephants middle blocker. Wataru Onaga
20%
Japan Railway Warriors middle blocker. Yūdai Hyakuzawa
20%
Penect Jaguars middle blocker. Kazuyoshi Bessho
17%
Schweiden Adlers wing spiker and outside hitter. Keigo Nishiura
14%
DESEO Hornets wing spiker and outside hitter. Wasei Tsuetate
14%
MSBY Black Jackals middle blocker and opposite hitter. Alexandre Joffe
0%
Tachibana Red Falcons setter. Aritsura Onigashira
0%
EJP Raijin wing spiker and outside hitter. Nagito Sarukui
0%
Kiniro Sports Jumpers wing spiker and outside hitter. Reon Ōhira
0%
DESEO Hornets middle blocker. Ryōsei Kai
0%
Azuma Pharmacy Green Rockets middle blocker. Sakuma Sokolov
0%
Serbia Women's National Volleyball Team ace. Stojković
0%
Kiniro Sports Jumpers libero. Takeru Nakashima
0%
VC Kanagawa wing spiker and outside hitter. Taketora Yamamoto
0%
Schweiden Adlers middle blocker. Tatsuto Sokolov
0%
Schweiden Adlers wing spiker and opposite hitter. Terutsugu Inubousaki
0%
VC Kanagawa wing spiker and outside hitter. Tomomichi Chita
0%
Schweiden Adlers libero. Toshirō Heiwajima
0%
No matching quizzes found
Score Distribution
Percent of People with Each Score
Percentile by Number Answered
Your Score History
You have not taken this quiz